Normal view
MARC view
- Perveen,Zainab
Entry Personal Name
001 - CONTROL NUMBER
- control field: 5199
003 - CONTROL NUMBER IDENTIFIER
- control field: NUST
005 - DATE AND TIME OF LATEST TRANSACTION
- control field: 20171004113431.0
008 - FIXED-LENGTH DATA ELEMENTS
- fixed length control field: 171004|| aca||aabn | a|a d
040 ## - CATALOGING SOURCE
- Original cataloging agency: NUST
- Transcribing agency: NUST
100 ## - HEADING--PERSONAL NAME
- Personal name: Perveen,Zainab
670 ## - SOURCE DATA FOUND
- Source citation: Work cat.: (NUST): Perveen,Zainab, Determinants of gender wage gap in manufacturing sector of Pakistan , 2013
